गुलाब संग कांटे भी: (Record no. 204035)
[ view plain ]
| 000 -LEADER | |
|---|---|
| fixed length control field | 00875nam a22001937a 4500 |
| 005 - DATE AND TIME OF LATEST TRANSACTION | |
| control field | 20240708171223.0 |
| 010 ## - LCCN (DPL NO) | |
| LC control number | HIN-127948 |
| 020 ## - INTERNATIONAL STANDARD BOOK NUMBER | |
| Terms of availability | 125.00 |
| International Standard Book Number | 9789380455303 |
| 035 ## - SYSTEM CONTROL NUMBER | |
| System control number | HN-100294 |
| 037 ## - SOURCE OF ACQUISITION | |
| Source of stock number/acquisition | DBAD |
| 082 ## - DEWEY DECIMAL CLASSIFICATION NUMBER | |
| Classification number | 821 |
| 100 ## - MAIN ENTRY--PERSONAL NAME | |
| Personal name | मिश्र, उमाशंकर |
| 245 ## - TITLE STATEMENT | |
| Title | गुलाब संग कांटे भी: |
| Remainder of title | काव्य सप्तक-5/ |
| Statement of responsibility, etc | उमाशंकर मिश्र |
| 260 ## - PUBLICATION, DISTRIBUTION, ETC. (IMPRINT) | |
| Place of publication, distribution, etc | गाजियाबाद (उ. प्र.) |
| Name of publisher, distributor, etc | उद्योग नगर प्रकाशन |
| Date of publication, distribution, etc | 2012 |
| 270 ## - ADDRESS | |
| Address | 695, न्यू कोट गांव, जी. टी. रोड |
| City | गाजियाबाद (उ. प्र.) |
| Postal code | 2860110 |
| Telephone number | 9818249902 |
| 300 ## - PHYSICAL DESCRIPTION | |
| Extent | 104पृ. |
| Dimensions | 22 सेमी. (अजिल्द) |
| 650 ## - SUBJECT ADDED ENTRY--TOPICAL TERM | |
| Topical term or geographic name as entry element | हिन्दी |
| 942 ## - ADDED ENTRY ELEMENTS (KOHA) | |
| Source of classification or shelving scheme | Dewey Decimal Classification |
| Item type | Hindi Books |
| Classification part | 821 |
| Call number suffix | मिश्रउ |
| Withdrawn status | Lost status | Not for loan | Collection code | Home library | Current library | Date acquired | Source of acquisition | Cost, normal purchase price | Full call number | Barcode | Copy number | Cost, replacement price | Koha item type |
|---|---|---|---|---|---|---|---|---|---|---|---|---|---|
| Non-fiction | Central Jail Tihar | Central Jail Tihar | 08/07/2024 | DBAD | 125.00 | 821 मिश्रउ | HN-100294 | 1 | 125.00 | Hindi Books |
